Obščestvennoje proizvodstvo dinamika

Uložené v:
Podrobná bibliografia
Hlavný autor: Jemel'janov, Aleksandr Sergejevič
Médium: Kniha
Jazyk:Russian
Vydavateľské údaje: Kijev Naukova dumka 1980
Tagy: Pridať tag
Žiadne tagy, Buďte prvý, kto otaguje tento záznam!

MARC

LEADER 00000nam a2200000 4500
001 c141283
005 20041019155321.4
041 0 |a rus 
044 |a UA 
245 1 0 |a Obščestvennoje proizvodstvo  |b dinamika  |c Aleksandr Sergejevič Jemel'janov 
264 1 |a Kijev  |b Naukova dumka  |c 1980 
300 |a 426 s. 
100 1 |a Jemel'janov, Aleksandr Sergejevič